Pasivní domy 2005 : Sborník příspěvků z mezinárodní konference Pasivní domy 2005, Brno, 18. - 19. 10. 2005
Guardado en:
| Autor Corporativo: | |
|---|---|
| Formato: | Procedimiento de la Conferencia Libro |
| Lenguaje: | checo alemán |
| Publicado: |
Brno :
Centrum pasivního domu,
2005
|
| Edición: | 1. vydanie |
| Materias: | |
| Etiquetas: |
Sin Etiquetas, Sea el primero en etiquetar este registro!
|
MARC
| LEADER | 00000nam a22000003a 4500 | ||
|---|---|---|---|
| 001 | 0119240 | ||
| 003 | SK-STU | ||
| 005 | 20260211124046.8 | ||
| 007 | ta | ||
| 008 | 251231s ----xo-----e------000-0-----d | ||
| 040 | |a STU |b slo | ||
| 041 | 0 | |a cze |a ger | |
| 044 | |a xr | ||
| 111 | 2 | |a Mezinárodní konference Pasivní domy, |d 18. - 19. 10. 2005, |c Kongresové centrum Brno, Výstaviště I | |
| 245 | 1 | 0 | |a Pasivní domy 2005 : |b Sborník příspěvků z mezinárodní konference Pasivní domy 2005, Brno, 18. - 19. 10. 2005 |
| 246 | 3 | 1 | |a Mezinárodní konference Pasivní domy = Internationale Konferenz Passivhäuser |b Sborník = Tagungsband |
| 250 | |a 1. vydanie | ||
| 260 | |a Brno : |b Centrum pasivního domu, |c 2005 | ||
| 300 | |a 296 s. | ||
| 650 | 0 | 7 | |a nízkoenergetické budovy |
| 650 | 0 | 7 | |a pasívne domy |
| 650 | 0 | 7 | |a obytné budovy |
| 650 | 0 | 7 | |a občianske budovy |
| 650 | 0 | 7 | |a udržateľné budovy |
| 996 | |b 284AU10585 |c A* 13759/U |l AAKNAR |s A |a 24 |w 0119240_0001 | ||